000 00398nam a22001577a 4500
999 _c3930
_d3930
008 200708b ||||| |||| 00| 0 eng d
082 0 0 _a510.2462
_bW9832
100 _91350
_aWylie, C. R.
245 1 0 _aAdvanced engineering mathematics
_cby C. R. Wylie
250 _a2 ed.
260 _aNew-York
_bMcGraw-Hill
_c1960
300 _axi,696p.
365 _d47.50
650 0 _aMathematics
942 _cBK